=LDR 00000nam 2200000 4500 =001 INLIS000000000040718 =005 20130612150258 =008 ***********************************ind** =035 ##$$0010-061300000040718 =041 ##$$a ind =082 ##$$a 813 =090 ##$$a 813 , Dem ,n =100 ##$$a DEMATRA, Damien =245 ##$$a Natal tampa sekolah , Damien Dematra =260 ##$$a 2010 $b Jakarta =300 ##$$a 155 hlm. , 21 cm =650 ##$$a FIKSI =850 ##$$a NBPNMAT